000 01017nam a2200241 4500
005 20180803170307.0
008 160601b2015 ck ao|||r|||| 00| 0 spa d
020 _a9789589365816
040 _aCO-BoIAVH
_cCO-BoIAVH
041 0 _aspa
044 _ack
082 0 4 _a577.38071
_bP98a14
100 1 _aHortúa Gutiérrez, Anais
_eautora
245 1 3 _aLa cura en tus manos y la madera en tus campos /
_cAnais Hortúa Gutiérrez
260 _aBogotá :
_bTropenbos Internacional Colombia :
_bUICN Sur,
_c2015.
300 _a58 páginas :
_bilustraciones (algunas a color) y fotografías a color ;
_c16 x 21 cm.
500 _aProyecto comunidades de los páramos, fortaleciendo las capacidades y la coordinación para la adaptación a los efectos del cambio climático.
650 1 6 _aPáramos
_xPlantas
650 2 6 _aPlantas medicinales
650 2 6 _aRecursos forestales
662 _aColombia
_bPáramo de Chingaza
_cvereda el Rosario (Choachí, Cundinamarca)
942 _2ddc
_cLIBRO
999 _c18761
_d18761